| 000 | 00622nam a22002417a 4500 | ||
|---|---|---|---|
| 003 | UA-OsUOA | ||
| 001 | 22320 | ||
| 007 | ta | ||
| 008 | 20031218b un ||||| |||| 00| 0 ukr d | ||
| 090 |
_a159.9:614.253(075) _bК49 |
||
| 942 | _cBK | ||
| 040 |
_aUA-OsUOA _brus _cUA-OsUOA _dUA-OsUOA |
||
| 245 |
_aКлиническая психология _cСост. Н. В.Тарабрин |
||
| 300 | _a352 с. | ||
| 955 | _a0 | ||
| 041 | _arus | ||
| 080 | _a159.9:614.253(075) | ||
| 020 | _a5-272-00153-2 | ||
| 260 |
_aСанкт-Петербург _bПитер _c2000 |
||
| 044 | _aRU | ||
| 650 | 7 | _2UDC | |
| 999 |
_c308537 _d308537 |
||